Normal view
MARC view
- Nesbitt-Larking, Paul W.
Entry Personal Name
001 - CONTROL NUMBER
- control field: 38655
003 - CONTROL NUMBER IDENTIFIER
- control field: OSt
005 - DATE AND TIME OF LATEST TRANSACTION
- control field: 20151103135919.0
008 - FIXED-LENGTH DATA ELEMENTS
- fixed length control field: 151103|| aca||aabn | a|a d
040 ## - CATALOGING SOURCE
- Original cataloging agency: OSt
100 1# - HEADING--PERSONAL NAME
- Personal name: Nesbitt-Larking, Paul W.
- Fuller form of name: (Paul Wingfield),
- Dates associated with a name: 1954-
400 1# - SEE FROM TRACING--PERSONAL NAME
- Personal name: Larking, Paul W. Nesbitt-
- Fuller form of name: (Paul Wingfield Nesbitt-),
- Dates associated with a name: 1954-